Open Data Biblioteca Nacional de Portugal


República Portuguesa: Ministério da Cultura
Biblioteca Nacional de Portugal

Catálogo da BNP: acesso por Identificadores Unívocos
Registos Bibliográficos associados ao registo de autoridade

Etiqueta de registo: 00254nam 2200025 450
001 2192821
003 http://id.bnportugal.gov.pt/bib/catbnp/2192821
010 ## $a978-989-9184-19-0
021 ## $aPT$b536429/24
100 ## $a20241021d2024 m y0pory01030103ba
101 0# $apor
102 ## $aPT
105 ## $aa b 000yy
106 ## $ar
200 1# $aFlora caldense, uma colaboração póstuma de Marta Galvão Lucas com Avelino Soares Belo, José Belo, Josef Füller e José Lourenço$ftextos Nicole Costa... [et al.]
210 #9 $a[S.l.$cs.n.],$dD.L. 2024$g(FIG - Indústrias Gráficas)
215 ## $a[14] p.$cil.$d37 cm
675 ## $a730A/Z"18/20"(083.82)$vBN$zpor$31936159
675 ## $a730.043"18/20"(083.82)$vBN$zpor$31936160
702 #1 $aCosta,$bNicole$4070$31936976
702 #1 $aLucas,$bMarta Galvão,$f1971-$4040$31267397
801 #0 $aPT$bBN$gRPC
856 41 $uhttp://rnod.bnportugal.gov.pt/ImagesBN/winlibimg.aspx?skey=&doc=2192821&img=201051&save=true
900 ## $aBIBNAC$d20241128
966 ## $lBN$mFGMON$sB.A. 5589 A.$x1
971 ## $cssilva$d20241021
972 ## $d20241128$e0$vlrevez$z0
973 ## $cmlsousa$d20241120
975 ## $e0$d20241129$viraminhos

Etiqueta de registo: 00254nam 2200025 450
001 2284210
003 http://id.bnportugal.gov.pt/bib/catbnp/2284210
010 ## $a978-989-9223-26-4
021 ## $aPT$b553995/25
100 ## $a20260413d2025 m a0pory01030103ba
101 0# $apor$aeng
102 ## $aPT
105 ## $aa b 000yy
106 ## $ar
200 1# $aMaria de Lourdes de Mello e Castro, uma esplêndida lição$ftextos Sofia Bandeira Duarte, Nicole Costa, Ana Alvellos
210 #9 $aCaldas da Rainha$cMuseus e Monumentos de Portugal,$d2025
215 ## $a29, [2] p.$cil.$d23 cm
305 ## $aEd. bilingue em português e inglês
675 ## $a75Castro, Maria de Lurdes de Melo e(042)$vBN$zpor$31996839
675 ## $a75.036(=1:469)"19"(042)$vBN$zpor$31507403
700 #1 $aDuarte,$bTeresa Sofia Alves Miranda Bandeira,$f1972-$31021332
701 #1 $aCosta,$bNicole$4070$31936976
701 #1 $aAlvelos,$bAna$4070$31188549
801 #0 $aPT$bBN$gRPC
856 41 $uhttp://rnod.bnportugal.gov.pt/ImagesBN/winlibimg.aspx?skey=&doc=2284210&img=221769&save=true
900 ## $aBIBNAC$d20260430
966 ## $lBN$mFGMON$sB.A. 53735 V.$x1
966 ## $lBN$mFGMON$sB.A. 53735 V.-D$x1
971 ## $cssilva$d20260413
972 ## $e0$z0$d20260430$vasantos
973 ## $ctrodrigues$d20260424

OpendataBNP@bnportugal.pt | Mais informação sobre acesso aos dados BNP